Chế độ nghỉ dưỡng sức của người lao động và chế độ đối với sĩ quan quân đội thôi phục vụ tại ngũ, sĩ quan quân đội chuyển sang chuyên nghiệp /
Gardado en:
| Formato: | Sách giấy |
|---|---|
| Idioma: | Vietnamese |
| Publicado: |
H. :
Lao động xã hội,
2001
|
| Các nhãn: |
Engadir etiqueta
Sen Etiquetas, Sexa o primeiro en etiquetar este rexistro!
|
| Thư viện lưu trữ: | Thư viện Trường Đại học Đà Lạt |
|---|
| LEADER | 00767nam a2200265 4500 | ||
|---|---|---|---|
| 001 | DLU030021077 | ||
| 003 | ##DLU | ||
| 005 | ##20021230 | ||
| 008 | ##021230t vn z000 vie d | ||
| 040 | # | # | |a DLU |b vie |
| 041 | # | # | |a vie |
| 044 | # | # | |a vn |
| 082 | # | # | |a 331.255 |b Chu |
| 245 | # | # | |a Chế độ nghỉ dưỡng sức của người lao động và chế độ đối với sĩ quan quân đội thôi phục vụ tại ngũ, sĩ quan quân đội chuyển sang chuyên nghiệp / |
| 260 | # | # | |a H. : |b Lao động xã hội, |c 2001 |
| 300 | # | # | |a 150 tr. ; |c 19 cm |
| 992 | # | # | |a 15000 |
| 994 | # | # | |a DLU |
| 900 | # | # | |a True |
| 911 | # | # | |a Phan Ngọc Đông |
| 925 | # | # | |a G |
| 926 | # | # | |a A |
| 927 | # | # | |a SH |
| 980 | # | # | |a Thư viện Trường Đại học Đà Lạt |